Grbavci Kviz - Statistics

General Stats
  • This quiz has been taken 3 times
    2 since last reset
  • The average score is 3 of 7
Answer Stats
Hint Answer % Correct
Opcina Gradiska
100%
Fudbalski Klub 13 skojevki
50%
Najblize Selo Turjak
50%
Skola Vuk Stefanovic karadzic
50%
Etno Izletiste Kozarska Prica
0%
Najvece Prezime Smitran
0%
Crkva Sveta Petka
0%
No matching quizzes found
Score Distribution
Percent of People with Each Score
Percentile by Number Answered
Your Score History
You have not taken this quiz since the last reset